Entry Personal Name
Number of records used in: 1
001 - CONTROL NUMBER
003 - CONTROL NUMBER IDENTIFIER
005 - DATE AND TIME OF LATEST TRANSACTION
- control field:
20231204150055.0
008 - FIXED-LENGTH DATA ELEMENTS
- fixed length control field:
800626n| azannaabn |a aaa
010 ## - LIBRARY OF CONGRESS CONTROL NUMBER
- LC control number:
n 79134145
024 7# - OTHER STANDARD IDENTIFIER
- Standard number or code:
0000000083715140
- Source of number or code:
isni
024 7# - OTHER STANDARD IDENTIFIER
- Standard number or code:
34699489
- Source of number or code:
viaf
024 7# - OTHER STANDARD IDENTIFIER
- Standard number or code:
Q19845218
- Source of number or code:
wikidata
035 ## - SYSTEM CONTROL NUMBER
- System control number:
(OCoLC)oca00365518
040 ## - CATALOGING SOURCE
- Original cataloging agency:
DLC
- Language of cataloging:
eng
- Description conventions:
rda
- Transcribing agency:
DLC
- Modifying agency:
MdU
- Modifying agency:
IsJJNL
- Modifying agency:
OCoLC
- Modifying agency:
NNU
046 ## - SPECIAL CODED DATES
- Birth date:
1919-08-13
- Death date:
2012-12-20
- Source of date scheme:
edtf
100 1# - HEADING--PERSONAL NAME
- Personal name:
Murphey, Rhoads,
- Dates associated with a name:
1919-2012
368 ## - OTHER ATTRIBUTES OF PERSON OR CORPORATE BODY
- Other designation:
Journal of Asian studies
370 ## - ASSOCIATED PLACE
- Place of birth:
Philadelphia (Pa.)
- Place of death:
Ann Arbor (Mich.)
- Associated country:
United States
- Source of term:
naf
372 ## - FIELD OF ACTIVITY
- Field of activity:
Asia--Study and teaching
- Source of term:
lcsh
373 ## - ASSOCIATED GROUP
- Associated group:
University of Michigan
- Source of term:
naf
373 ## - ASSOCIATED GROUP
- Associated group:
University of Washington
- Source of term:
naf
373 ## - ASSOCIATED GROUP
- Associated group:
Association for Asian Studies
- Source of term:
naf
374 ## - OCCUPATION
- Occupation:
University and college faculty members
- Source of term:
lcdgt
374 ## - OCCUPATION
- Occupation:
Asianists
- Source of term:
lcsh
377 ## - ASSOCIATED LANGUAGE
378 ## - FULLER FORM OF PERSONAL NAME
- Fuller form of personal name:
William Rhoads
400 1# - SEE FROM TRACING--PERSONAL NAME
- Control subfield:
nne
- Personal name:
Murphey, Rhoads,
- Dates associated with a name:
1919-
400 1# - SEE FROM TRACING--PERSONAL NAME
- Personal name:
Murphey, William Rhoads,
- Dates associated with a name:
1919-2012
670 ## - SOURCE DATA FOUND
- Source citation:
His Shanghai, key to modern China, 1953.
670 ## - SOURCE DATA FOUND
- Source citation:
WW in Am., 53rd ed. (1998)
- Information found:
(Murphey, Rhoads; b. Aug. 13, 1919, Phila.; Ph. D., Harvard, 1950)
670 ## - SOURCE DATA FOUND
- Source citation:
Writers dir., 2004
- Information found:
(Murphey, Rhoads; b. 1919; since 1982, professor of Asian studies and geography, Univ. of Michigan, Ann Arbor)
670 ## - SOURCE DATA FOUND
- Source citation:
Wikipedia, viewed January 28, 2017:
- Information found:
(Rhoads Murphey born in Philadelphia, Pennsylvania in 1919, died in Ann Arbor, Michigan in 2012
670 ## - SOURCE DATA FOUND
- Source citation:
Wikipedia, 1 Nov. 2022:
- Information found:
entry for Rhoads Murphey (W. Rhoads Murphey; born August 13, 1919 in Philadelphia, Pennsylvania, died December 20, 2012 in Ann Arbor, Michigan; was a geographer and historian of Asia who taught at University of Washington, Seattle, and the University of Michigan, Ann Arbor. He served for many years as executive director of the Association for Asian Studies, and in 1987-1988 as its president; he was editor of the Journal of Asian Studies)
- Uniform Resource Identifier:
https://en.wikipedia.org/wiki/Rhoads_Murphey